[Event "SK Münster 2 - SF Beelen 1"]
[Site "Regionalliga 2017/2018"]
[Date "2018.01.13"]
[Round "5.1"]
[White "Henke, Wolfgang"]
[Black "Borrink, Jörn"]
[Result "0-1"]
[WhiteElo "1789"]
[BlackElo "2104"]
[PlyCount "78"]
[EventDate "2018.??.??"]
[SourceTitle "Verband Muensterland"]
[SourceDate "2017.09.15"]
[SourceVersion "1"]
[SourceVersionDate "2017.09.15"]
[SourceQuality "1"]

1. e4 e6 2. d4 d5 3. Nc3 Bb4 4. exd5 exd5 5. Bd3 Ne7 6. Qf3 c5 7. a3 Bxc3+ 8.
bxc3 c4 9. Be2 Bf5 10. Bd1 Nd7 11. Ne2 Be4 12. Qh3 Rc8 13. O-O Rc6 14. Ng3 Bg6
15. Re1 O-O 16. Bg5 Re8 17. Bg4 Nf6 18. Nf5 Nxf5 19. Bxf5 Bxf5 20. Qxf5 Rce6
21. Re5 Qd7 22. Bxf6 Rxe5 23. Qxe5 Rxe5 24. Bxe5 f6 25. Bb8 Qa4 26. Bd6 Qxc2
27. Bb4 Kf7 28. Re1 Kg6 29. h4 b6 30. Re3 h5 31. Rg3+ Kf7 32. Re3 a5 33. Bd6
Kg6 34. Rg3+ Kf5 35. Be7 Qc1+ 36. Kh2 Qd2 37. Rf3+ Ke6 38. Bd8 Qb2 39. Re3+ Kd7
0-1

[Event "SK Münster 2 - SF Beelen 1"]
[Site "Regionalliga 2017/2018"]
[Date "2018.01.13"]
[Round "5.2"]
[White "Müschenich, Stefan"]
[Black "Hofene, Dieter"]
[Result "1/2-1/2"]
[WhiteElo "2082"]
[BlackElo "2010"]
[PlyCount "33"]
[EventDate "2018.??.??"]
[SourceTitle "Verband Muensterland"]
[SourceDate "2017.09.15"]
[SourceVersion "1"]
[SourceVersionDate "2017.09.15"]
[SourceQuality "1"]

1. e4 e6 2. d4 d5 3. Nc3 h6 4. Nf3 Nf6 5. Bd3 Nc6 6. e5 Nd7 7. O-O Nb4 8. Be2
c5 9. Be3 Nc6 10. Bb5 Be7 11. dxc5 Nxc5 12. Nd4 Bd7 13. Bxc6 bxc6 14. Qg4 Kf8
15. f4 h5 16. Qh3 g6 17. g4 1/2-1/2

[Event "SK Münster 2 - SF Beelen 1"]
[Site "Regionalliga 2017/2018"]
[Date "2018.01.13"]
[Round "5.3"]
[White "Hanewinkel, Winfried"]
[Black "Austrup, David"]
[Result "1/2-1/2"]
[WhiteElo "1910"]
[BlackElo "1978"]
[PlyCount "56"]
[EventDate "2018.??.??"]
[SourceTitle "Verband Muensterland"]
[SourceDate "2017.09.15"]
[SourceVersion "1"]
[SourceVersionDate "2017.09.15"]
[SourceQuality "1"]

1. d4 Nf6 2. Nf3 g6 3. c4 Bg7 4. Nc3 d6 5. e4 O-O 6. Be2 e5 7. dxe5 dxe5 8.
Qxd8 Rxd8 9. Bg5 Re8 10. O-O c6 11. h3 Na6 12. Nh2 Nc5 13. Bxf6 Bxf6 14. Bg4
Ne6 15. Bxe6 Bxe6 16. b3 Be7 17. Nf3 f6 18. Rad1 Red8 19. Rxd8+ Rxd8 20. Rd1
Rxd1+ 21. Nxd1 Kf7 22. Kf1 h5 23. Ne3 Ke8 24. Ke2 Kd7 25. Ne1 Kc7 26. Nd3 Kb6
27. Kd2 Kc7 28. Kc3 Bf8 1/2-1/2

[Event "SK Münster 2 - SF Beelen 1"]
[Site "Regionalliga 2017/2018"]
[Date "2018.01.13"]
[Round "5.5"]
[White "Hofene, Josef"]
[Black "Kubo, Thomas"]
[Result "0-1"]
[WhiteElo "1757"]
[BlackElo "1958"]
[PlyCount "58"]
[EventDate "2018.??.??"]
[SourceTitle "Verband Muensterland"]
[SourceDate "2017.09.15"]
[SourceVersion "1"]
[SourceVersionDate "2017.09.15"]
[SourceQuality "1"]

1. e4 c6 2. d4 d5 3. Nc3 dxe4 4. Nxe4 Bf5 5. Ng3 Bg6 6. Nf3 Nd7 7. h4 h6 8. h5
Bh7 9. Bd3 Bxd3 10. Qxd3 e6 11. Bf4 Qa5+ 12. Bd2 Bb4 13. c3 Be7 14. Ne4 Ngf6
15. Nxf6+ Nxf6 16. Ne5 c5 17. Qe2 cxd4 18. Nc4 Qd5 19. O-O-O d3 20. Qf3 Qxc4
21. b3 Qd5 22. Qg3 Ne4 23. Qxg7 Bf6 24. Qg4 Rc8 25. f3 Nxc3 26. Bxc3 Rxc3+ 27.
Kb1 Rxb3+ 28. Kc1 Bg5+ 29. Rd2 Qc5+ 0-1

[Event "SK Münster 2 - SF Beelen 1"]
[Site "Regionalliga 2017/2018"]
[Date "2018.01.13"]
[Round "5.6"]
[White "Emunds, Hans Georg"]
[Black "Schemmann, Bernhard"]
[Result "1-0"]
[WhiteElo "2100"]
[BlackElo "1846"]
[PlyCount "115"]
[EventDate "2018.??.??"]
[SourceTitle "Verband Muensterland"]
[SourceDate "2017.09.15"]
[SourceVersion "1"]
[SourceVersionDate "2017.09.15"]
[SourceQuality "1"]

1. e4 e5 2. Nf3 Nc6 3. Bb5 a6 4. Bxc6 dxc6 5. O-O Bg4 6. h3 Bh5 7. g4 Bg6 8.
Nxe5 Qh4 9. Qf3 f6 10. Nxg6 hxg6 11. Kg2 Bd6 12. d3 Ne7 13. Rh1 g5 14. Be3
O-O-O 15. Nd2 Kb8 16. Rag1 Ng6 17. Kf1 Bf4 18. Qe2 Qh7 19. Nf3 Qg8 20. b3 Qe6
21. Qe1 Ne5 22. Ke2 Rh7 23. Bxf4 gxf4 24. Nxe5 Qxe5 25. h4 Rdh8 26. h5 Qg5 27.
Kf3 g6 28. hxg6 Rh3+ 29. Rxh3 Rxh3+ 30. Kg2 Qh6 31. Kf1 Qxg6 32. Qd2 Qg5 33. d4
Rh2 34. Ke1 Qh6 35. Kd1 Qh4 36. Qxf4 Qxf2 37. Qxf2 Rxf2 38. g5 fxg5 39. Rxg5
Kc8 40. Rg7 Rf4 41. Re7 Kd8 42. Re5 Rf2 43. a4 Kd7 44. a5 Rh2 45. b4 Rg2 46.
Kc1 Rh2 47. Kb2 Rd2 48. Kc3 Rh2 49. Kb3 Rh3+ 50. c3 Re3 51. Kc2 Rh3 52. Rg5 Rh4
53. Kd3 Rh3+ 54. Kc4 Re3 55. Rg7+ Kd8 56. e5 Rh3 57. Rg8+ Kd7 58. Rb8 1-0

[Event "SK Münster 2 - SF Beelen 1"]
[Site "Regionalliga 2017/2018"]
[Date "2018.01.13"]
[Round "5.7"]
[White "Hanewinkel, Martin"]
[Black "Kamp, Aaron"]
[Result "1-0"]
[WhiteElo "1822"]
[BlackElo "1709"]
[PlyCount "73"]
[EventDate "2018.??.??"]
[SourceTitle "Verband Muensterland"]
[SourceDate "2017.09.15"]
[SourceVersion "1"]
[SourceVersionDate "2017.09.15"]
[SourceQuality "1"]

1. d4 Nf6 2. Nf3 g6 3. c3 Bg7 4. Bf4 O-O 5. h3 b6 6. e3 Bb7 7. Nbd2 d5 8. Bd3
Nbd7 9. Qe2 c5 10. Ne5 Nh5 11. Bh2 Nxe5 12. dxe5 c4 13. Bc2 d4 14. exd4 Bxg2
15. Rg1 Bxh3 16. Nf3 Qd7 17. Nh4 Be6 18. f4 f5 19. Nxg6 hxg6 20. Rxg6 Qd5 21.
Qxh5 Bf7 22. O-O-O Bxg6 23. Qxg6 Qf7 24. Qg5 e6 25. Rg1 Kh7 26. Bd1 Bh6 27. Qh4
Rg8 28. Rh1 Qb7 29. Bg3 Rg6 30. Qh5 Qg7 31. Bh4 Kg8 32. Bf6 Bxf4+ 33. Kc2 Qh6
34. Qf3 Bh2 35. Qxa8+ Kf7 36. Qb7+ Kg8 37. Qc8+ 1-0

[Event "SK Münster 2 - SF Beelen 1"]
[Site "Regionalliga 2017/2018"]
[Date "2018.01.13"]
[Round "5.8"]
[White "Stremmer, Hans-Dieter"]
[Black "Fartmann, Franz-Josef"]
[Result "1/2-1/2"]
[WhiteElo "1775"]
[BlackElo "1805"]
[PlyCount "51"]
[EventDate "2018.??.??"]
[SourceTitle "Verband Muensterland"]
[SourceDate "2017.09.15"]
[SourceVersion "1"]
[SourceVersionDate "2017.09.15"]
[SourceQuality "1"]

1. d4 Nf6 2. c4 g6 3. Nc3 Bg7 4. e4 d6 5. Nf3 O-O 6. Be2 e5 7. d5 Nbd7 8. O-O
Nc5 9. Nd2 a5 10. f3 b6 11. Nb3 Nfd7 12. Be3 Na6 13. Qd2 f5 14. g3 Nf6 15. Bg5
Qe8 16. Rae1 a4 17. Nc1 fxe4 18. fxe4 Bh3 19. Bxf6 Bxf6 20. Rf2 Qe7 21. Qh6 Bd7
22. Ref1 Bg7 23. Qe3 Rxf2 24. Rxf2 Rf8 25. Nd3 Rxf2 26. Nxf2 1/2-1/2

[Event "SG Ahaus-Wessum 1 - SK Bocholt 1"]
[Site "Regionalliga 2017/2018"]
[Date "2018.01.13"]
[Round "5.1"]
[White "Fuest, Martin"]
[Black "Wensing, Maximilian"]
[Result "1-0"]
[WhiteElo "2140"]
[BlackElo "1955"]
[PlyCount "83"]
[EventDate "2018.??.??"]
[SourceTitle "Verband Muensterland"]
[SourceDate "2017.09.15"]
[SourceVersion "1"]
[SourceVersionDate "2017.09.15"]
[SourceQuality "1"]

1. d4 Nf6 2. Nf3 g6 3. Bg5 Bg7 4. c3 d6 5. Nbd2 Nbd7 6. e3 O-O 7. h3 e5 8. Bc4
c6 9. Bb3 Qc7 10. O-O h6 11. Bh4 exd4 12. exd4 d5 13. Bg3 Qd8 14. Re1 Nb6 15.
Bc2 Re8 16. Rxe8+ Qxe8 17. Ne5 Nfd7 18. f4 Nxe5 19. fxe5 Nc4 20. Nxc4 dxc4 21.
b3 Be6 22. a4 a5 23. Rb1 Qd7 24. bxc4 Bxc4 25. Bb3 b5 26. Bxc4 bxc4 27. Qf3 Rd8
28. Rb6 c5 29. Rd6 Qe7 30. dxc5 Rc8 31. Qd5 Bf8 32. Rxg6+ Kh8 33. Rd6 Qg5 34.
Kh2 Bxd6 35. cxd6 Rg8 36. Qf3 Qg6 37. Bh4 Qd3 38. Qxf7 Rxg2+ 39. Kxg2 Qe2+ 40.
Bf2 Qe4+ 41. Qf3 Qg6+ 42. Kh2 1-0

[Event "SG Ahaus-Wessum 1 - SK Bocholt 1"]
[Site "Regionalliga 2017/2018"]
[Date "2018.01.13"]
[Round "5.2"]
[White "Schulze Ameling, Hendrik"]
[Black "Hunhoff, Sebastian"]
[Result "1-0"]
[WhiteElo "2004"]
[BlackElo "1951"]
[PlyCount "61"]
[EventDate "2018.??.??"]
[SourceTitle "Verband Muensterland"]
[SourceDate "2017.09.15"]
[SourceVersion "1"]
[SourceVersionDate "2017.09.15"]
[SourceQuality "1"]

1. d4 Nf6 2. c4 e5 3. dxe5 Ng4 4. e4 Nxe5 5. f4 Nec6 6. Be3 Bb4+ 7. Nc3 Bxc3+
8. bxc3 d6 9. Nf3 O-O 10. Bd3 Nd7 11. O-O Nf6 12. Qc2 Qe7 13. Rae1 Bg4 14. Nd4
Rae8 15. Bc1 Bd7 16. Nb5 Bc8 17. e5 Ng4 18. h3 a6 19. hxg4 axb5 20. cxb5 Na5
21. Ba3 Bxg4 22. exd6 Qxe1 23. Rxe1 Rxe1+ 24. Kf2 Rfe8 25. dxc7 h5 26. f5 R1e5
27. Kg1 Re1+ 28. Kh2 b6 29. Qf2 Rd1 30. Qd4 Nb7 31. Qd7 1-0

[Event "SG Ahaus-Wessum 1 - SK Bocholt 1"]
[Site "Regionalliga 2017/2018"]
[Date "2018.01.13"]
[Round "5.3"]
[White "Naumann, Felix"]
[Black "Rosing, Hermann"]
[Result "1/2-1/2"]
[WhiteElo "1882"]
[BlackElo "1969"]
[PlyCount "51"]
[EventDate "2018.??.??"]
[SourceTitle "Verband Muensterland"]
[SourceDate "2017.09.15"]
[SourceVersion "1"]
[SourceVersionDate "2017.09.15"]
[SourceQuality "1"]

1. d4 Nf6 2. Nf3 g6 3. Bf4 Bg7 4. e3 d6 5. Bd3 O-O 6. Nbd2 Nfd7 7. c3 e5 8. Bg3
Qe7 9. O-O Nc6 10. Re1 f5 11. Bc4+ Kh8 12. Bh4 Nf6 13. dxe5 Nxe5 14. Nxe5 dxe5
15. f4 e4 16. Nb3 Be6 17. Qe2 b6 18. Rad1 c5 19. Rd2 Rad8 20. Red1 Bc8 21. a4
h6 22. a5 Kh7 23. h3 Qc7 24. Ba6 Be6 25. Bc4 Bc8 26. Ba6 1/2-1/2

[Event "SG Ahaus-Wessum 1 - SK Bocholt 1"]
[Site "Regionalliga 2017/2018"]
[Date "2018.01.13"]
[Round "5.4"]
[White "Diehlmann, Christian"]
[Black "Steiner, Karl"]
[Result "1/2-1/2"]
[WhiteElo "1909"]
[BlackElo "1926"]
[PlyCount "109"]
[EventDate "2018.??.??"]
[SourceTitle "Verband Muensterland"]
[SourceDate "2017.09.15"]
[SourceVersion "1"]
[SourceVersionDate "2017.09.15"]
[SourceQuality "1"]

1. d4 d5 2. Nf3 Nf6 3. e3 e6 4. c4 Be7 5. Bd3 dxc4 6. Bxc4 c5 7. O-O cxd4 8.
Nxd4 O-O 9. Nc3 a6 10. a4 Qc7 11. b3 Rd8 12. Qf3 Nbd7 13. Bb2 Ne5 14. Qe2 Nxc4
15. Qxc4 Qxc4 16. bxc4 Bd7 17. Rfc1 Rac8 18. Nb1 Ne4 19. f3 Nc5 20. Ba3 Kf8 21.
Bxc5 Bxc5 22. Kf2 e5 23. Nb3 Be6 24. Ke2 Bb4 25. N1d2 Rc7 26. Ra2 Rdc8 27. Rac2
Ba3 28. Ra1 Bb4 29. Rac1 b5 30. axb5 axb5 31. c5 Ba3 32. Ra1 Bxc5 33. Ra5 Bd7
34. Nxc5 Rxc5 35. Rxc5 Rxc5 36. Kd3 Rd5+ 37. Kc2 Bf5+ 38. e4 Rc5+ 39. Kb2 Bd7
40. Nb1 f6 41. Nc3 Ke7 42. Nd5+ Kd6 43. Ra6+ Rc6 44. Rxc6+ Bxc6 45. Nb4 Kc5 46.
Kc3 Bb7 47. Nd3+ Kb6 48. Kb4 Bc8 49. g3 Bh3 50. f4 Bf1 51. Nc5 exf4 52. gxf4
Kc6 53. Ne6 g6 54. Nf8 Bd3 55. Nxh7 1/2-1/2

[Event "SG Ahaus-Wessum 1 - SK Bocholt 1"]
[Site "Regionalliga 2017/2018"]
[Date "2018.01.13"]
[Round "5.5"]
[White "Gajic, Goran"]
[Black "Winking, Hendirk"]
[Result "0-1"]
[WhiteElo "1946"]
[BlackElo "1945"]
[PlyCount "68"]
[EventDate "2018.??.??"]
[SourceTitle "Verband Muensterland"]
[SourceDate "2017.09.15"]
[SourceVersion "1"]
[SourceVersionDate "2017.09.15"]
[SourceQuality "1"]

1. d4 Nf6 2. Nf3 d5 3. c3 Bf5 4. Bg5 e6 5. e3 Be7 6. Bxf6 Bxf6 7. Bd3 Bxd3 8.
Qxd3 Nd7 9. Nbd2 c6 10. e4 Be7 11. O-O O-O 12. e5 c5 13. Ne1 Qb6 14. Rb1 f5 15.
exf6 Bxf6 16. dxc5 Nxc5 17. Qe3 e5 18. Nd3 Nxd3 19. Qxd3 Rab8 20. Nb3 a5 21.
Kh1 a4 22. Nd2 e4 23. Qe2 Bg5 24. b3 Qh6 25. Rbd1 Rf5 26. f4 Rxf4 27. Rxf4 Bxf4
28. g3 Bxd2 29. Rxd2 axb3 30. axb3 Qb6 31. Qd1 Qe6 32. Rd4 e3 33. Rf4 Qe5 34.
Qe1 Rc8 0-1

[Event "SG Ahaus-Wessum 1 - SK Bocholt 1"]
[Site "Regionalliga 2017/2018"]
[Date "2018.01.13"]
[Round "5.6"]
[White "Bauland, Thomas"]
[Black "Hunhoff, Andreas"]
[Result "1-0"]
[WhiteElo "1870"]
[BlackElo "1813"]
[PlyCount "79"]
[EventDate "2018.??.??"]
[SourceTitle "Verband Muensterland"]
[SourceDate "2017.09.15"]
[SourceVersion "1"]
[SourceVersionDate "2017.09.15"]
[SourceQuality "1"]

1. d4 f5 2. Nc3 Nf6 3. e4 fxe4 4. f3 e6 5. fxe4 Bb4 6. Bd3 d6 7. Bg5 e5 8. d5
O-O 9. Qd2 c6 10. dxc6 bxc6 11. Nf3 Be6 12. O-O Nbd7 13. a3 Ba5 14. b4 Bb6+ 15.
Kh1 Qc7 16. Bh4 h6 17. a4 a6 18. a5 Bd4 19. Nxd4 exd4 20. Ne2 c5 21. c3 dxc3
22. Qxc3 Ng4 23. Bc4 Bxc4 24. Qxc4+ Kh8 25. Rxf8+ Rxf8 26. Qxa6 cxb4 27. Bg3
Nf2+ 28. Bxf2 Rxf2 29. Qd3 Ne5 30. Qb5 Qa7 31. Ng3 Qd4 32. Rg1 Ng4 33. h3 Ne3
34. Nf5 Nxf5 35. exf5 Qc5 36. Qe8+ Kh7 37. Qg6+ Kg8 38. Re1 Rxf5 39. Re8+ Rf8
40. Qe6+ 1-0

[Event "SG Ahaus-Wessum 1 - SK Bocholt 1"]
[Site "Regionalliga 2017/2018"]
[Date "2018.01.13"]
[Round "5.7"]
[White "Wüstnienhaus, Andreas"]
[Black "Woltering, Martin"]
[Result "1/2-1/2"]
[WhiteElo "1849"]
[BlackElo "1776"]
[PlyCount "22"]
[EventDate "2018.??.??"]
[SourceTitle "Verband Muensterland"]
[SourceDate "2017.09.15"]
[SourceVersion "1"]
[SourceVersionDate "2017.09.15"]
[SourceQuality "1"]

1. d4 e6 2. c4 f5 3. Nc3 Nf6 4. g3 Be7 5. Bg2 d6 6. Nf3 O-O 7. O-O Qe8 8. Qc2
Nc6 9. e4 e5 10. dxe5 dxe5 11. Bg5 Qh5 1/2-1/2

[Event "SG Ahaus-Wessum 1 - SK Bocholt 1"]
[Site "Regionalliga 2017/2018"]
[Date "2018.01.13"]
[Round "5.8"]
[White "Messelink, Gerrit"]
[Black "Tepasse, Wilhelm"]
[Result "0-1"]
[WhiteElo "1802"]
[BlackElo "1745"]
[PlyCount "68"]
[EventDate "2018.??.??"]
[SourceTitle "Verband Muensterland"]
[SourceDate "2017.09.15"]
[SourceVersion "1"]
[SourceVersionDate "2017.09.15"]
[SourceQuality "1"]

1. Nf3 Nf6 2. b3 d5 3. Bb2 Bf5 4. e3 Nbd7 5. c4 e6 6. cxd5 exd5 7. Be2 Bd6 8.
Nc3 c6 9. Rc1 O-O 10. Nd4 Bg6 11. f4 h6 12. O-O Qe7 13. Bg4 Bd3 14. Nf5 Bxf5
15. Bxf5 Rfe8 16. Rf3 Ba3 17. Bxa3 Qxa3 18. Qc2 Qd6 19. Rcf1 Re7 20. g4 d4 21.
Ne2 dxe3 22. dxe3 Qc5 23. Qd3 Rae8 24. Nd4 Ne4 25. Bxe4 Rxe4 26. h4 h5 27. Nf5
Nf6 28. Re1 hxg4 29. Nd6 gxf3 30. Nxe8 Rxe8 31. Kf2 Qh5 32. Rg1 Ne4+ 33. Kf1
Qxh4 34. Qc2 Qh3+ 0-1

[Event "SF Neuenkirchen 1 - Schach Nienberge 1"]
[Site "Regionalliga 2017/2018"]
[Date "2018.01.13"]
[Round "5.1"]
[White "Remmeke, Hans"]
[Black "Wilde, Pierre"]
[Result "1/2-1/2"]
[WhiteElo "2124"]
[BlackElo "2240"]
[PlyCount "27"]
[EventDate "2018.??.??"]
[SourceTitle "Verband Muensterland"]
[SourceDate "2017.09.15"]
[SourceVersion "1"]
[SourceVersionDate "2017.09.15"]
[SourceQuality "1"]

1. d4 e6 2. c4 Nf6 3. Nc3 Bb4 4. e3 c5 5. Nge2 cxd4 6. exd4 O-O 7. a3 Be7 8.
Nf4 d6 9. Be3 Nbd7 10. Be2 a6 11. Bf3 Rb8 12. b4 b6 13. O-O Bb7 14. Be2 1/2-1/2

[Event "SF Neuenkirchen 1 - Schach Nienberge 1"]
[Site "Regionalliga 2017/2018"]
[Date "2018.01.13"]
[Round "5.2"]
[White "Vos, Thomas"]
[Black "Ringwelski, Marius"]
[Result "0-1"]
[WhiteElo "2159"]
[BlackElo "1929"]
[PlyCount "78"]
[EventDate "2018.??.??"]
[SourceTitle "Verband Muensterland"]
[SourceDate "2017.09.15"]
[SourceVersion "1"]
[SourceVersionDate "2017.09.15"]
[SourceQuality "1"]

1. d4 d5 2. e3 Nf6 3. c4 c6 4. Nc3 e6 5. Bd3 Nbd7 6. Nf3 dxc4 7. Bxc4 b5 8. Bd3
b4 9. Ne2 c5 10. Nf4 cxd4 11. exd4 Bd6 12. Qe2 Nb6 13. Ne5 O-O 14. g4 Bb7 15.
Rg1 Qc7 16. g5 Bxe5 17. gxf6 Bxf6 18. Nh5 Kh8 19. Qg4 Qd8 20. Qh3 g6 21. Nf4
Kg8 22. Be3 Rc8 23. Ke2 Bg7 24. Rg4 Nd5 25. Rh4 Nxf4+ 26. Rxf4 Qd6 27. Rh4 h5
28. Rg1 Ba6 29. Bf4 e5 30. dxe5 Rc2+ 31. Bd2 Qxe5+ 32. Kd1 Bxd3 33. Qxd3 Rxb2
34. Rg5 Qc7 35. Rd5 Rxa2 36. Rd7 Qe5 37. Rxb4 Qxh2 38. Qb3 Qh1+ 39. Be1 Ra1+
0-1

[Event "SF Neuenkirchen 1 - Schach Nienberge 1"]
[Site "Regionalliga 2017/2018"]
[Date "2018.01.13"]
[Round "5.3"]
[White "Gottkehaskamp, Philipp"]
[Black "Hachmeister, Dirk"]
[Result "1-0"]
[WhiteElo "1972"]
[BlackElo "2143"]
[PlyCount "65"]
[EventDate "2018.??.??"]
[SourceTitle "Verband Muensterland"]
[SourceDate "2017.09.15"]
[SourceVersion "1"]
[SourceVersionDate "2017.09.15"]
[SourceQuality "1"]

1. e4 g6 2. d3 Bg7 3. g3 c6 4. Bg2 e5 5. Nf3 Ne7 6. O-O O-O 7. Nbd2 d6 8. a4 a5
9. Nc4 b5 10. Ne3 Na6 11. d4 exd4 12. Nxd4 bxa4 13. Nc4 Nc5 14. Bg5 Bxd4 15.
Qxd4 Ne6 16. Bxe7 Qxe7 17. Qxd6 Qxd6 18. Nxd6 Ba6 19. Rfd1 Nc5 20. e5 Rab8 21.
Bxc6 Rxb2 22. c4 Rb4 23. Rd5 Ne6 24. Rxa4 Rxa4 25. Bxa4 Rb8 26. Be8 Kf8 27.
Bxf7 Bxc4 28. Nxc4 Kxf7 29. Nd6+ Ke7 30. Rxa5 Ng5 31. f4 Rb1+ 32. Kf2 Nh3+ 33.
Kg2 1-0

[Event "SF Neuenkirchen 1 - Schach Nienberge 1"]
[Site "Regionalliga 2017/2018"]
[Date "2018.01.13"]
[Round "5.4"]
[White "Seegers, Hendrik"]
[Black "Gottkehaskamp, Stefan"]
[Result "1/2-1/2"]
[WhiteElo "2109"]
[BlackElo "1971"]
[PlyCount "28"]
[EventDate "2018.??.??"]
[SourceTitle "Verband Muensterland"]
[SourceDate "2017.09.15"]
[SourceVersion "1"]
[SourceVersionDate "2017.09.15"]
[SourceQuality "1"]

1. d4 d5 2. Nf3 Nf6 3. Bf4 c5 4. e3 Nc6 5. c3 Qb6 6. Qb3 c4 7. Qxb6 axb6 8. Be2
Bf5 9. O-O h6 10. Nbd2 e6 11. a3 Be7 12. Ne5 O-O 13. g4 Bh7 14. g5 hxg5 1/2-1/2

[Event "SF Neuenkirchen 1 - Schach Nienberge 1"]
[Site "Regionalliga 2017/2018"]
[Date "2018.01.13"]
[Round "5.5"]
[White "Althoff, Franz"]
[Black "Haves, Reinhard"]
[Result "0-1"]
[WhiteElo "1974"]
[BlackElo "2089"]
[PlyCount "143"]
[EventDate "2018.??.??"]
[SourceTitle "Verband Muensterland"]
[SourceDate "2017.09.15"]
[SourceVersion "1"]
[SourceVersionDate "2017.09.15"]
[SourceQuality "1"]

1. Nf3 Nf6 2. d4 g6 3. g3 Bg7 4. Bg2 O-O 5. O-O d6 6. b3 a5 7. Bb2 a4 8. b4 Nc6
9. b5 Na5 10. Nfd2 Nd7 11. Na3 e5 12. Ndc4 Nxc4 13. Nxc4 a3 14. Bxa3 exd4 15.
Bb2 Ra4 16. Nd2 Nc5 17. Nb3 Ne6 18. Qd2 Qe8 19. Qd3 Bd7 20. Bxb7 Bxb5 21. Qf3
c5 22. Rfd1 Qe7 23. Rd2 Ng5 24. Qg2 Rb8 25. Bc6 Bxc6 26. Qxc6 Rba8 27. a3 Qe4
28. Qxe4 Nxe4 29. Rdd1 Rb8 30. Rab1 f5 31. f3 Nc3 32. Bxc3 dxc3 33. Rxd6 c4 34.
Nd2 Rb2 35. Rxb2 cxb2 36. Nb1 c3 37. e3 Ra7 38. Kf1 Kf7 39. Ke2 Ke7 40. Rc6 Kd7
41. Rb6 Ke7 42. Rc6 Bf6 43. Rb6 Rc7 44. Ra6 Kf7 45. Rb6 g5 46. Rb5 Kg6 47. Rb6
h5 48. a4 Kf7 49. a5 Rc5 50. a6 Ra5 51. Rb7+ Kg6 52. a7 Ra1 53. Kd3 g4 54. fxg4
hxg4 55. Kc4 Bg5 56. Nxc3 Bxe3 57. Nd5 Bxa7 58. Nf4+ Kf6 59. Rxb2 Ke5 60. c3
Ke4 61. Re2+ Kf3 62. Re5 Bg1 63. Rxf5 Bxh2 64. Nh5+ Kg2 65. Kb5 Bxg3 66. Rg5
Kf3 67. c4 Be1 68. c5 g3 69. c6 Ra5+ 70. Kc4 Rxg5 71. c7 Rg8 72. Nf6 0-1

[Event "SF Neuenkirchen 1 - Schach Nienberge 1"]
[Site "Regionalliga 2017/2018"]
[Date "2018.01.13"]
[Round "5.6"]
[White "Scho, Christian"]
[Black "Haas, Kai Markus"]
[Result "1/2-1/2"]
[WhiteElo "2063"]
[BlackElo "1927"]
[PlyCount "36"]
[EventDate "2018.??.??"]
[SourceTitle "Verband Muensterland"]
[SourceDate "2017.09.15"]
[SourceVersion "1"]
[SourceVersionDate "2017.09.15"]
[SourceQuality "1"]

1. d4 c5 2. d5 e5 3. e4 d6 4. Bb5+ Nd7 5. f4 exf4 6. Bxf4 Qf6 7. Qc1 a6 8.
Bxd7+ Bxd7 9. Nf3 Qe7 10. O-O f6 11. Nbd2 g5 12. Bg3 Nh6 13. Nc4 Nf7 14. Re1
Bg7 15. Nxd6+ Nxd6 16. e5 fxe5 17. Nxe5 O-O 18. Ng6 Qf6 1/2-1/2

[Event "SF Neuenkirchen 1 - Schach Nienberge 1"]
[Site "Regionalliga 2017/2018"]
[Date "2018.01.13"]
[Round "5.7"]
[White "Keller, Dirk"]
[Black "Rieke, Theo"]
[Result "1/2-1/2"]
[WhiteElo "1899"]
[BlackElo "1939"]
[PlyCount "25"]
[EventDate "2018.??.??"]
[SourceTitle "Verband Muensterland"]
[SourceDate "2017.09.15"]
[SourceVersion "1"]
[SourceVersionDate "2017.09.15"]
[SourceQuality "1"]

1. d4 g6 2. c4 Bg7 3. Nf3 Nf6 4. Nc3 d6 5. g3 O-O 6. Bg2 Nbd7 7. O-O e5 8. e4
exd4 9. Nxd4 Nc5 10. h3 Re8 11. Re1 a5 12. Ndb5 Bd7 13. Bf4 1/2-1/2

[Event "SF Neuenkirchen 1 - Schach Nienberge 1"]
[Site "Regionalliga 2017/2018"]
[Date "2018.01.13"]
[Round "5.8"]
[White "Beckmann, Klaus"]
[Black "Kemper, Georg"]
[Result "0-1"]
[WhiteElo "2072"]
[BlackElo "1924"]
[PlyCount "90"]
[EventDate "2018.??.??"]
[SourceTitle "Verband Muensterland"]
[SourceDate "2017.09.15"]
[SourceVersion "1"]
[SourceVersionDate "2017.09.15"]
[SourceQuality "1"]

1. e4 e6 2. d4 d5 3. Nd2 Nc6 4. Ngf3 Nf6 5. e5 Nd7 6. c3 f6 7. exf6 Qxf6 8. Bb5
Bd6 9. O-O O-O 10. Nb3 e5 11. Bxc6 bxc6 12. dxe5 Nxe5 13. Nxe5 Qxe5 14. f4 Qf6
15. Be3 Qh4 16. Qe1 Qh6 17. Qd2 a5 18. a4 Ba6 19. Rf2 Bc4 20. Nc5 Rfe8 21. Bd4
Re7 22. b3 Ba6 23. Re1 Rxe1+ 24. Qxe1 Bxc5 25. Bxc5 Bd3 26. Bd4 Qg6 27. Qd2 Be4
28. Re2 Rb8 29. b4 h5 30. Be5 Rb7 31. Qd4 h4 32. f5 Qg4 33. Rf2 h3 34. Bg3 hxg2
35. f6 gxf6 36. Rxf6 axb4 37. cxb4 c5 38. Rf8+ Kxf8 39. Qf6+ Kg8 40. Qd8+ Kf7
41. Be1 cxb4 42. a5 Qf5 43. Bf2 Bf3 44. Be1 Be2 45. Bf2 b3 0-1

[Event "SG Turm Raesfeld/Erle 1 - SC Klein-Berl"]
[Site "Regionalliga 2017/2018"]
[Date "2018.01.13"]
[Round "5.1"]
[White "Brümmer, Frank"]
[Black "Wilger, Frank"]
[Result "1-0"]
[WhiteElo "2160"]
[BlackElo "2086"]
[PlyCount "101"]
[EventDate "2018.??.??"]
[SourceTitle "Verband Muensterland"]
[SourceDate "2017.09.15"]
[SourceVersion "1"]
[SourceVersionDate "2017.09.15"]
[SourceQuality "1"]

1. d4 Nf6 2. Nf3 e6 3. g3 d5 4. Bg2 Be7 5. O-O O-O 6. b3 Ne4 7. Bb2 Nd7 8. Nbd2
f5 9. c4 c6 10. Ne1 Qc7 11. Nd3 b6 12. f3 Nxd2 13. Qxd2 Ba6 14. Rac1 Rae8 15.
Rfe1 dxc4 16. bxc4 c5 17. d5 exd5 18. Nf4 Qd6 19. Nxd5 Rd8 20. f4 Nf6 21. Qc3
Bb7 22. e4 Bxd5 23. exd5 Qc7 24. Qe5 Bd6 25. Qxf5 b5 26. cxb5 c4 27. a4 Qc5+
28. Kh1 Qb4 29. Qc2 Rfe8 30. Re6 Rc8 31. Bc3 Qc5 32. Bxf6 Rxe6 33. dxe6 gxf6
34. Bc6 Rxc6 35. bxc6 Qxc6+ 36. Qg2 Qc5 37. Qe4 c3 38. Qf3 c2 39. Qe4 Qf2 40.
Qxc2 Qf3+ 41. Qg2 Qe3 42. Rd1 Kg7 43. h3 Qxe6 44. f5 Qe5 45. Qd5 Qe7 46. h4 h5
47. Qf3 Kh6 48. Kg2 a5 49. Kh3 Bc7 50. Rd3 Qf7 51. Qe3+ 1-0